|
|
|
|
| LEADER |
00000cam a2200000 7i4500 |
| 001 |
0000003174 |
| 005 |
20030413.0 |
| 008 |
021118s1987 |
| 020 |
|
|
|a 1850001871 ,
|c (pbk.)
|
| 090 |
0 |
0 |
|a LB2822.5
|b .F37
|
| 245 |
0 |
4 |
|a The fate of an innovative school :
|b the history and present status of the Kensington School
|c Louis M. Smith ... [et al.]
|
| 260 |
2 |
|
|a New York :
|b The Falmer Press ,
|c c1987
|
| 300 |
|
|
|a 307 p. ;
|c 24 cm.
|
| 500 |
|
|
|a Includes index references
|
| 650 |
|
0 |
|a Elementary school administration
|z United States
|
| 700 |
0 |
|
|a Smith, Louis M. [
|q (Louis Milde)] ,
|e author
|
| 999 |
|
|
|a 1000029556
|b Book
|c OPEN SHELF (30 DAYS)
|e Gong Badak Campus
|